00670nam a2200217 a 450000500170000000800410001701000140005802000260007203500130009803700150011104000180012608200080014410000180015224500860017026000390025627000610029530000350035665000280039170000170041970000160043620090521160550.0081121s2009 ii b 001 0 eng  aENG-93667 a9788178001814c325.00 aEN-77200 bDBAD / PUB adplbEnglish  a621 aIsrani, A.R.  aElements of mechanical engineering /cby A.R. Israni, S.M. Bhatt [and] P.K. Shah  aHyderabad bBS Publications c2009 a4-4-316, Giriraj Lane, Sultan Bazar, bHyderabade500095 axxi, 648p.:c25cm(pbk) bill.  aMechanical engineering  aBhatt, S.M.  aShah, P.K.